Т. 17, № 5; Сибирский экологический журнал

Detalles Bibliográficos
Parent link:Сибирский экологический журнал: научный журнал/ Российская академия наук (РАН), Сибирское отделение (СО). Т. 17, № 5.— , 1995-.— 0869-8619
Idioma:ruso
Publicado: 2010
Formato: MixedMaterials Libro
KOHA link:https://koha.lib.tpu.ru/cgi-bin/koha/opac-detail.pl?biblionumber=430097

MARC

LEADER 00000nam2a2200000 4500
001 430097
005 20231101075117.0
035 |a (RuTPU)RU\TPU\prd\90056 
090 |a 430097 
100 |a 20101117a19949999k y0rusy50 ca 
101 0 |a rus 
102 |a RU 
200 0 |a Т. 17, № 5 
210 |d 2010 
461 1 |0 (RuTPU)RU\TPU\prd\1754  |x 0869-8619  |t Сибирский экологический журнал  |o научный журнал  |f Российская академия наук (РАН), Сибирское отделение (СО)  |v Т. 17, № 5  |d 1995- 
801 0 |a RU  |b 63413507  |c 20010227  |g PSBO 
801 1 |a RU  |b 63413507  |c 20101117 
801 2 |a RU  |b 63413507  |c 20210216  |g RCR 
942 |c BK 
999 |a НТБ_ТПУ  |b НФ  |e -1/20100108  |p П-9178  |s 1/20100329  |u 0,00  |v 1